Vista normal
Vista MARC
Entrada Término temático
Número de registros utilizados en: 1
001 - NÚMERO DE CONTROL
- campo de control: 51150
003 - IDENTIFICADOR DE NÚMERO DE CONTROL
- campo de control: mxcmmo
005 - FECHA Y HORA DE LA ÚLTIMA TRANSACCIÓN
- campo de control: 20241018005119.0
008 - ELEMENTOS DE DATO DE LONGITUD-FIJA
- campo de control de longitud fija: 241018|| aca||aabn | a|a d
040 ## - FUENTE DE CATALOGACIÓN
- Centro catalogador/agencia de origen: mxcmmo
- Centro/agencia transcriptor: mxcmmo
150 ## - ENCABEZAMIENTO--TÉRMINO DE MATERIA
- Término de materia o nombre geográfico como elemento de entrada: Iglesia Católica en Zacatecas
- Subdivisión general: Cartas y edictos pastorales
670 ## - FUENTE DE DATOS ENCONTRADOS
- Cita de la fuente: Work cat.: (mxcmmo)27116: Refugio Guerra, José María del Ob. de Zacatecas autor 51149, Primera carta pastoral que el Illmo. Sr. Dr. D. José María del Refugio Guerra segundo obispo de Zacatecas, dirige al venerable clero y fieles de su Diócesis, en el mismo día de su solemne consagración verificada el 29 de diciembre del presente año, en el venerabilísimo santuario de la Colegiata de María Santísima de Guadalupe